| 000 | 00559nam a2200193Ia 4500 | ||
|---|---|---|---|
| 005 | 20250508153319.0 | ||
| 008 | 008 250505s9999 xx 000 0 eng d | ||
| 037 | _aTextual | ||
| 040 |
_aFEDL _beng _cFEDL |
||
| 041 |
_aeng _2eng |
||
| 084 |
_a369.4, BRI _qFEDL |
||
| 100 | _aKuenstler P.H.K. | ||
| 245 | 0 | _aVoluntary youth leaders | |
| 245 | 0 | _cUniversity of Bristol Institute of Education | |
| 260 |
_aLondon, UK _bUniversity of London Press Limited _c1953 |
||
| 300 | _a60p. | ||
| 942 |
_cTEXL _h369.4, BRI |
||
| 999 |
_c1341954 _d1341954 |
||